00532nam a2200169 a 450008200170000010000210001724500390003826000420007730000090011950000350012865000300016365000240019370000210021794200070023895201000024599900170034500a291.172bKRA aKraemer, Hendrik aWorld Cultures and World Religions aPhiladelphiabWestminster Pressc1960 a385p aincludes index and biblioraphy aReconciliation-Interfaith aInterfaith Dialogue1 aKraemer, Hendrik cBK 00104070aHMIbHMId2007-07-17g100.00l0o291.172 KRAp11000410r2007-07-17w2026-01-16yEB c19062d19062